OECD Reviews of Health Systems OECD Reviews of Health Systems: Costa Rica 2017
Ebook from OECD
Đã lưu trong:
| 其他作者: | |
|---|---|
| 格式: | 圖書 |
| 語言: | Undetermined |
| 出版: |
OECD
2017
|
| 主題: | |
| 在線閱讀: | http://lrc.tdmu.edu.vn/opac/search/detail.asp?aID=2&ID=40133 |
| 標簽: |
添加標簽
沒有標簽, 成為第一個標記此記錄!
|
| Thư viện lưu trữ: | Trung tâm Học liệu Trường Đại học Thủ Dầu Một |
|---|
| LEADER | 00665nam a2200193Ia 4500 | ||
|---|---|---|---|
| 001 | TDMU_40133 | ||
| 008 | 210410s9999 xx 000 0 und d | ||
| 082 | |a 664.072 | ||
| 245 | 0 | |a OECD Reviews of Health Systems | |
| 245 | 0 | |b OECD Reviews of Health Systems: Costa Rica 2017 | |
| 245 | 0 | |c OECD | |
| 260 | |b OECD | ||
| 260 | |c 2017 | ||
| 300 | |a 128tr | ||
| 520 | |a Ebook from OECD | ||
| 650 | |a Health System |z Costa Rica; Health System |x OECD Reviews |z Costa Rica; Hệ thống y tế |z Costa Rica | ||
| 700 | |a OECD | ||
| 856 | |u http://lrc.tdmu.edu.vn/opac/search/detail.asp?aID=2&ID=40133 | ||
| 980 | |a Trung tâm Học liệu Trường Đại học Thủ Dầu Một | ||